Estetica e Poetica in Giovan Battista Gelli : Gli Scritti Sull'arte e Su Dante.

The series Classicism and Beyond / Il classicismo e oltre is dedicated to the dynamic dialectic of stabilization and destabilization of classicist norm structures in literature from the Italian Cinquecento to the European 18th century, in systematic, general approaches as well as readings of individ...

Full description

Bibliographic Details
Main Author: Pini, Carolina.
Format: eBook
Language:Italian
Published: Berlin/Boston : Walter de Gruyter GmbH, 2023.
Edition:1st ed.
Series:Classicism and Beyond / il Classicismo e Oltre Series
Subjects:
Online Access:Click to View
LEADER 02492nam a22003853i 4500
001 EBC30553087
003 MiAaPQ
005 20231204023231.0
006 m o d |
007 cr cnu||||||||
008 231204s2023 xx o ||||0 ita d
020 |a 9783111080130  |q (electronic bk.) 
035 |a (MiAaPQ)EBC30553087 
035 |a (Au-PeEL)EBL30553087 
035 |a (OCoLC)1382693334 
040 |a MiAaPQ  |b eng  |e rda  |e pn  |c MiAaPQ  |d MiAaPQ 
100 1 |a Pini, Carolina. 
245 1 0 |a Estetica e Poetica in Giovan Battista Gelli :  |b Gli Scritti Sull'arte e Su Dante. 
250 |a 1st ed. 
264 1 |a Berlin/Boston :  |b Walter de Gruyter GmbH,  |c 2023. 
264 4 |c ©2023. 
300 |a 1 online resource (196 pages) 
336 |a text  |b txt  |2 rdacontent 
337 |a computer  |b c  |2 rdamedia 
338 |a online resource  |b cr  |2 rdacarrier 
490 1 |a Classicism and Beyond / il Classicismo e Oltre Series ;  |v v.2 
505 0 |a Intro -- Ringraziamenti -- Sommario -- 1 Introduzione: letteratura e vita civile in Giovan Battista Gelli -- 2 Il percorso laterale e capriccioso di Gelli: La Circe e I Capricci del Bottaio -- 3 Arte ed esegesi letteraria: esempi di un rapporto complesso -- 6 La produzione letteraria di Gelli nel dibattito del Cinquecento -- 5 Quellentafel per gli scritti sulle arti e sulle vite degli artisti -- 6 L'interesse estetico delle Letture -- 7 La ‹funzione Dante› nel Cinquecento -- 8 Giovan Battista Gelli e il ‹paraclassicismo› -- Appendice -- Bibliografia -- Indice dei nomi. 
520 |a The series Classicism and Beyond / Il classicismo e oltre is dedicated to the dynamic dialectic of stabilization and destabilization of classicist norm structures in literature from the Italian Cinquecento to the European 18th century, in systematic, general approaches as well as readings of individual texts. 
588 |a Description based on publisher supplied metadata and other sources. 
590 |a Electronic reproduction. Ann Arbor, Michigan : ProQuest Ebook Central, 2023. Available via World Wide Web. Access may be limited to ProQuest Ebook Central affiliated libraries.  
655 4 |a Electronic books. 
776 0 8 |i Print version:  |a Pini, Carolina  |t Estetica e Poetica in Giovan Battista Gelli  |d Berlin/Boston : Walter de Gruyter GmbH,c2023 
797 2 |a ProQuest (Firm) 
830 0 |a Classicism and Beyond / il Classicismo e Oltre Series 
856 4 0 |u https://ebookcentral.proquest.com/lib/matrademy/detail.action?docID=30553087  |z Click to View